L'androgino, invenzioni sul mito /

Guardat en:
Dades bibliogràfiques
Altres autors: Marchetti, Adriano
Format: Llibre
Idioma:italià
Publicat: Milano : Crocetti, 1995
Etiquetes: Afegir etiqueta
Sense etiquetes, Sigues el primer a etiquetar aquest registre!

MARC

LEADER 00000nam a22000007ib4500
001 IT\ICCU\PUV\0304676
003 ItRI
005 20260115232438.0
008 961217s1995 it |||||| ||||| |||||c
040 |b ita  |c importazione bologna sebina 
041 7 |a ita  |2 ISO-639-2 
245 0 2 |a L'androgino,  |p invenzioni sul mito /  |c a cura di Adriano Marchetti. 
260 |a Milano :  |b Crocetti,  |c 1995 
300 |a 302 p. :  |b ill. ;  |c 23 cm. 
700 1 |a Marchetti, Adriano  |0 IT\ICCU\CFIV\066335 
773 0 |w IT\ICCU\SBL\0329599  |t In forma di parole  |g 1/2 (1995) 
942 |2 ddc  |c BK  |n 0 
952 |0 0  |1 0  |4 0  |6 DOC_808_803000000000000_MAR  |7 0  |9 25902  |a BO  |b BO  |d 2026-01-15  |i 3510  |l 0  |o DOC 808.803 MAR  |p BO3510  |r 2026-01-15 23:24:38  |w 2026-01-15  |x [Sebina 7] [1 v.]  |y BK  |z 1 v. 
999 |c 21946  |d 21946